| 000 | 00330nam a22001217a 4500 | ||
|---|---|---|---|
| 041 | _aENG | ||
| 100 | _aDrilon.J.D | ||
| 245 | _aProceedings Of The Workshop On Pre- & Post - Harvest Vegetable Technology In Asia | ||
| 260 |
_aDelhi _bThe Asian Vegetable Research _c1971 |
||
| 300 | _a156 | ||
| 650 | _aAPE | ||
| 856 | _uAPE ( 02 ) | ||
| 999 |
_c1627 _d1627 |
||